000 00690nam a22002417a 4500
003 BD-DhJNU
005 20250623051801.0
008 250623b |||||||| |||| 00| 0 eng d
020 _a9788125040132
040 _aBD-DhJNU
_bENG
_cBD-DhJNU
_dBD-DhJNU
082 _223
_a305.50954 CAS
245 _aCaste in Indian politics/
_cedited by Rajni Kothari
250 _a2nd ed.
260 _aHyderabad :
_bOrient Black Swan,
_c2010.
300 _ax, 361p. :
_bill. ;
_c21 cm.
504 _aIncludes index
650 _aIndia
650 _aCaste
_xPolitical aspects
650 _a Politics and government
650 _aCaste
700 _aKothari, Rajni
_eeditor
942 _2ddc
_cBK
_n0
999 _c1809
_d1809